Tecnologia: analítica e industrial; cêras e resinas vegetais (Registro n. 295315)
[ somente texto ]
| 000 -LÍDER | |
|---|---|
| campo de controle de tamanho fixo | 01193nac a22003977a 4500 |
| 001 - NÚMERO DE CONTROLE | |
| campo de controle | BR0703022 |
| 003 - IDENTIFICADOR DO NÚMERO DE CONTROLE | |
| campo de controle | BR-BrBNA |
| 005 - DATA E HORÁRIO DA ÚLTIMA TRANSAÇÃO | |
| campo de controle | 20240105123416.0 |
| 008 - CAMPO DE DADOS FIXOS--INFORMAÇÃO GERAL | |
| campo de controle de tamanho fixo | 230509b bl.|||m| |||| 00| 0 por d |
| 040 ## - FONTE DA CATALOGAÇÃO | |
| Instituição da catalogação original | BR-BrBNA |
| Idioma da catalogação | por |
| Instituição que transcreveu o registro | Biblioteca Nacional de Agricultura |
| 072 ## - CÓDIGO DE CATEGORIA DE ASSUNTO | |
| Código de Categoria de Assunto | Q60; E21 |
| 090 ## - NÚMERO DE CHAMADA LOCAL | |
| Número de chamada | 2400 BR0703022 |
| 100 1# - ENTRADA PRINCIPAL--NOME PESSOAL | |
| Nome pessoal | Mascarenhas, J.G. |
| 100 1# - ENTRADA PRINCIPAL--NOME PESSOAL | |
| Nome pessoal | Souza, I.R. |
| 100 1# - ENTRADA PRINCIPAL--NOME PESSOAL | |
| Nome pessoal | Azeredo, O.B. |
| 100 1# - ENTRADA PRINCIPAL--NOME PESSOAL | |
| Nome pessoal | Moura, L.L. |
| 100 1# - ENTRADA PRINCIPAL--NOME PESSOAL | |
| Nome pessoal | Carvalho, J.B. de M. |
| 100 1# - ENTRADA PRINCIPAL--NOME PESSOAL | |
| Nome pessoal | Maurmo, S. |
| 100 1# - ENTRADA PRINCIPAL--NOME PESSOAL | |
| Nome pessoal | Machado, R.D. |
| 100 1# - ENTRADA PRINCIPAL--NOME PESSOAL | |
| Nome pessoal | Alencastro, C.G. de |
| 110 1# - ENTRADA PRINCIPAL--NOME CORPORATIVO | |
| Nome corporativo ou nome da jurisdição | Instituto de Óleos, Rio de Janeiro, GB (Brasil) |
| 9 (RLIN) | 6060 |
| 245 1# - TÍTULO | |
| Título | Tecnologia: analítica e industrial; cêras e resinas vegetais |
| 260 3# - PUBLICAÇÃO, DISTRIBUIÇÃO, ETC. | |
| Local de publicação, distribuição, etc. | Rio de Janeiro, GB (Brasil): |
| Data da publicação, distribuição, etc. | 1958. |
| 300 ## - DESCRIÇÃO FÍSICA | |
| Extensão | 180 p. |
| 490 ## - TÍTULO DA SÉRIE | |
| Título da série | Boletim - Instituto de Óleos (Brazil) |
| Número do volume ou designação sequencial da série | no. 16 |
| ISSN - International Standard Serial Number | |
| 500 ## - NOTA GERAL | |
| Nota geral | Documento microfilmado e tratado BR7375747 |
| 650 ## - ASSUNTO--TERMO TÓPICO | |
| Cabeçalho tópico ou nome geográfico | CARNAÚBA |
| 650 ## - ASSUNTO--TERMO TÓPICO | |
| Cabeçalho tópico ou nome geográfico | OURICURI |
| 650 ## - ASSUNTO--TERMO TÓPICO | |
| Cabeçalho tópico ou nome geográfico | COPERNICIA CERIFERA |
| 650 ## - ASSUNTO--TERMO TÓPICO | |
| Cabeçalho tópico ou nome geográfico | CERA |
| 650 ## - ASSUNTO--TERMO TÓPICO | |
| Cabeçalho tópico ou nome geográfico | RESINA |
| 650 ## - ASSUNTO--TERMO TÓPICO | |
| Cabeçalho tópico ou nome geográfico | PLANTA PRODUTORA DE CERA |
| 650 ## - ASSUNTO--TERMO TÓPICO | |
| Cabeçalho tópico ou nome geográfico | INDÚSTRIA AGRÍCOLA |
| 909 ## - | |
| -- | 202312 |
| -- | Lúcia Elande |
| -- | 55 |
| -- | Lúcia Elande |
| 942 ## - ELEMENTOS DE ENTRADA ADICIONADOS (KOHA) | |
| Fonte da classificação ou esquema de arquivamento na estante | Classificação AGRIS |
| Ocultar no OPAC | Não |
| Tipo de material Koha | Monografia Seriada |
| Situação do descarte | Fonte da classificação ou esquema de arquivamento na estante | Situação física | Não pode ser emprestado | Coleção | Biblioteca de origem | Biblioteca atual | Localização na estante | Total de empréstimos | Número de telefone completo | Código de barras | Data de último acesso | Tipo de material Koha | Fonte de aquisição |
|---|---|---|---|---|---|---|---|---|---|---|---|---|---|
| Classificação AGRIS | Biblioteca Nacional de Agricultura - Binagri | Biblioteca Nacional de Agricultura - Binagri | Agrobase - Acervo Geral | 2400 BR0703022 | 2400 BR0703022 | 18/12/2023 | Monografia Seriada | Portaria Interministerial nº 164/94 |

BINAGRI